Quizz Culture générale autour du mot "TIMBRE" - Statistiques

Statistiques générales
  • Ce quiz a été pris 20 fois
  • Le résultat moyen est 12 sur 25
Statistiques - réponses
Question Réponse % Correct
Le premier timbre postal moderne a été émis en 1840
100%
On a déjà pu voir des timbres-poste émis sur d'autres matières que le papier mais jamais... sur du verre
100%
Le timbre-poste le plus rare est 1 cent magenta de Guyane britannique
75%
On ne peut pas trouver des timbres-poste... dodecagonal
75%
Le premier timbre postal moderne a été inventé en Angleterre
75%
Quel pays a émis un timbre-poste en peluche ? Sierra Leone
75%
En anglais, le timbre-poste se nomme Stamp
75%
Un timbre transdermique est couramment nommé un patch
75%
De quel privilège bénéficie le Royaume-Uni ? il n'est pas obligé de mentionner "United kingdom"
50%
Sur un casque, le timbre est... la calotte, le sommet
50%
Pour le chauffagiste, le timbre est la pression maximale supportée par une chaudière
50%
On a longtemps vendu dans les écoles des timbres pour lutter contre la tuberculose
50%
Diverses mentions peuvent apparaitre sur un timbre-poste mais laquelle n'est pas facultative ? le nom du pays en alphabet latin
50%
Complétez le titre de ce film québécois, Les aventuriers du timbre perdu
50%
Le célèbre catalogue de timbres français est le Yvert et Tellier
50%
En héraldique le timbre est placé... au-dessus de l'écu
25%
Quel pays n'est pas parmi les dix premiers à avoir adopté le timbre-poste ? Chili
25%
Le timbre fiscal ne matérialise pas le paiement des impôts sur le revenu
25%
Sur un vélo le timbre est la sonnette
25%
Dans une écurie, un timbre est un abreuvoir
25%
En musique le timbre n'est pas... une note de référence
25%
A Paris, un marché aux timbres se tient régulièrement... Avenue Marigny
0%
Qui a écrit Le Philatéliste ? Nicolas Feuz
0%
Le timbre d'office est un évier
0%
Le philatéliste utilise n'utilise pas un gommomètre
0%
Aucun quiz correspondant
Distribution des résultats
% des personnes avec chaque résultat
Percentile par nombre de réponses
Votre historique - résultats
Vous n’avez pas pris ce quiz